[Event "Indonesia Open 2013"]
[Site "Jakarta INA"]
[Date "2013.10.14"]
[Round "7.43"]
[White "Yoseph, Theolifus Taher"]
[Black "Dewi, Aa Citra"]
[Result "1/2-1/2"]
[BlackTitle "WFM"]
[WhiteElo "2345"]
[BlackElo "2133"]
[WhiteFideId "7105347"]
[BlackFideId "7101244"]
[EventDate "2013.10.10"]

1. e4 c5 2. Nf3 d6 3. d4 cxd4 4. Nxd4 Nf6 5. f3 Nc6 6. c4 Qb6 7. Nc2 g6 8. Nc3
Bg7 9. Nb5 a6 10. Be3 Qa5+ 11. Nc3 Be6 12. Qd2 Rc8 13. Rc1 Ne5 14. b3 b5 15. b4
Qc7 16. c5 dxc5 17. bxc5 Nc4 18. Bxc4 Bxc4 19. Nd4 O-O 20. Nb3 Rfd8 21. Qf2 e6
22. Nb1 Nd7 23. f4 Bf8 24. N1d2 Nxc5 25. Nxc5 Bxc5 26. Bxc5 Qxc5 27. Qxc5 Rxc5
28. Rc2 Rdc8 29. Kf2 e5 30. g3 exf4 31. gxf4 Be6 32. Rxc5 Rxc5 33. h4 Rc2 34.
Ke3 Rxa2 35. h5 Ra3+ 36. Kd4 Rh3 37. Ra1 Rxh5 38. Rxa6 Rh2 39. Nf3 Rf2 40. Ke3
Rb2 41. Nd4 Bc4 42. f5 gxf5 43. Nxf5 h5 44. Rh6 Be6 45. Rxh5 Bxf5 46. Rxf5 b4
47. Kd3 Kg7 48. Rb5 Kf6 49. Rb6+ Ke5 50. Rb5+ Kd6 51. Rb6+ Kc5 52. Rf6 Rb3+ 53.
Kc2 Rc3+ 54. Kb2 Re3 55. Rxf7 Rxe4 56. Rc7+ Kb6 57. Rc8 Kb5 58. Rb8+ Kc4 59.
Rc8+ Kb5 60. Rb8+ 1/2-1/2

[Event "Indonesia Open 2013"]
[Site "Jakarta INA"]
[Date "2013.10.14"]
[Round "7.44"]
[White "Tran, Tuan Minh"]
[Black "Pitra, Andika"]
[Result "1-0"]
[WhiteTitle "FM"]
[BlackTitle "FM"]
[WhiteElo "2344"]
[BlackElo "2276"]
[WhiteFideId "12401820"]
[BlackFideId "7103255"]
[EventDate "2013.10.10"]

1. d4 g6 2. e4 Bg7 3. Nc3 d6 4. Bc4 e6 5. Be3 Ne7 6. Nge2 a6 7. a4 b6 8. O-O Bb7
9. Qd2 h6 10. Bb3 Nd7 11. f3 Nf6 12. Ng3 Qd7 13. Nd1 g5 14. Nf2 Ng6 15. c4 a5
16. Bc2 c5 17. Ra3 O-O-O 18. d5 Ne5 19. b3 Qe7 20. Ra2 Rdg8 21. Ne2 Bf8 22. Kh1
Ng6 23. Nc3 Ne5 24. Rd1 Ba6 25. Bd3 Nh5 26. Bf1 g4 27. f4 Ng6 28. g3 Bg7 29. Nb5
e5 30. f5 Ngf4 31. b4 Nxg3+ 32. hxg3 Nh5 33. Kg2 Nxg3 34. Kxg3 h5 35. Kg2 Bf8
36. bxc5 dxc5 37. d6 Qd7 38. Nc7 Bb7 39. Nd5 Qxd6 40. Rb2 Bxd5 41. Qxd5 Qxd5 42.
cxd5 h4 43. Rxb6 h3+ 44. Kg3 Be7 45. f6 Rg6 46. Rc6+ 1-0

[Event "Indonesia Open 2013"]
[Site "Jakarta INA"]
[Date "2013.10.14"]
[Round "7.45"]
[White "Bilguun, Sumiya"]
[Black "Manakova, Maria"]
[Result "1-0"]
[WhiteTitle "FM"]
[BlackTitle "WGM"]
[WhiteElo "2284"]
[BlackElo "2320"]
[WhiteFideId "4901541"]
[BlackFideId "927007"]
[EventDate "2013.10.10"]

1. e4 c5 2. Nf3 Nc6 3. d4 cxd4 4. Nxd4 Nf6 5. Nc3 d6 6. Bg5 Bd7 7. f3 Qa5 8. Be3
Nxd4 9. Qxd4 e6 10. Qd2 a6 11. g4 Bc6 12. O-O-O b5 13. Kb1 Be7 14. h4 Rc8 15.
Bd3 Nd7 16. Qf2 Bb7 17. Ne2 Nc5 18. Nd4 Qc7 19. Nb3 Na4 20. g5 d5 21. e5 Nc5 22.
Bxc5 Bxc5 23. Qe2 Bb6 24. h5 Bc6 25. f4 Bd7 26. g6 fxg6 27. h6 Kf7 28. Qg4 Rcg8
29. Rh2 Be8 30. Rdh1 Ke7 31. Qg5+ Kd7 32. hxg7 Rxg7 33. Qf6 Kc8 34. Qxe6+ Kb8
35. Qf6 Ka7 36. e6 Qe7 37. Qe5 h5 38. Qxd5 Qb7 39. Qe5 Bc6 40. Re1 Re8 41. Nd4
Bd5 42. f5 gxf5 43. Bxf5 Rg5 44. Qf4 Qg7 45. Nb3 Bc7 46. Qe3+ Bb6 47. Qd3 Bc4
48. Qe4 Qf6 49. Rd2 Re7 50. Bh3 Bxb3 51. axb3 Ba5 52. b4 Bb6 53. Bg2 Rg8 54.
Red1 Qxe6 55. Qxe6 Rxe6 56. Bd5 Reg6 57. Bxg8 Rxg8 58. Rd7+ Kb8 59. Rh7 Rg5 60.
Rdd7 Kc8 61. Rd6 Ba7 62. Rxa7 1-0

[Event "Indonesia Open 2013"]
[Site "Jakarta INA"]
[Date "2013.10.14"]
[Round "7.46"]
[White "Fauzan, M"]
[Black "Khairul, Anam"]
[Result "0-1"]
[BlackTitle "FM"]
[WhiteElo "2221"]
[BlackElo "2301"]
[WhiteFideId "7105142"]
[BlackFideId "7102429"]
[EventDate "2013.10.10"]

1. e4 g6 2. d4 Bg7 3. Nc3 c6 4. Bc4 b5 5. Bb3 a5 6. a3 d6 7. Qf3 e6 8. Nge2 Ne7
9. h4 Ba6 10. Be3 Nd7 11. h5 d5 12. hxg6 hxg6 13. Rxh8+ Bxh8 14. Qh3 Bg7 15. Qh7
Kf8 16. Bg5 Nf6 17. Qh4 Nfg8 18. e5 Qc7 19. Nd1 a4 20. Ba2 c5 21. c3 cxd4 22.
cxd4 b4 23. Ng3 b3 24. Bb1 Rc8 25. Bd2 Qb6 26. Ne3 Nc6 27. Bc3 Nge7 28. Qf4 Na5
29. Nd1 Ke8 30. Qh4 Rc4 31. Qh7 Bf8 32. Ne2 Nac6 33. Qh3 Qb5 34. Bd3 Nf5 35.
Bxf5 exf5 36. Qg3 Nd8 37. Ne3 Qc6 38. Nxc4 Bxc4 39. Qe3 Ne6 40. f4 Bh6 41. g3 g5
42. fxg5 Nxg5 43. Nf4 Ne4 44. O-O-O Qg6 45. Kb1 Qxg3 46. Qxg3 Nxg3 47. Bd2 Ne4
48. Bc1 Bg5 49. Rg1 f6 50. Ne6 Nd2+ 51. Ka1 Nf3 52. Rh1 Bxc1 53. Rxc1 fxe5 54.
dxe5 Kf7 55. Nf4 Nxe5 56. Rd1 Ng6 57. Nxd5 Bxd5 58. Rxd5 Ke6 59. Ra5 f4 60. Rxa4
Ke5 61. Kb1 f3 0-1

[Event "Indonesia Open 2013"]
[Site "Jakarta INA"]
[Date "2013.10.14"]
[Round "7.47"]
[White "Hakiki, Kaisar Jenius"]
[Black "Panggabean, Hasian"]
[Result "1/2-1/2"]
[WhiteTitle "FM"]
[WhiteElo "2299"]
[BlackElo "2190"]
[WhiteFideId "7102097"]
[BlackFideId "7101023"]
[EventDate "2013.10.10"]

1. d4 d5 2. Nf3 Nf6 3. c4 c6 4. Nc3 dxc4 5. a4 Bf5 6. Ne5 Nbd7 7. Nxc4 Qc7 8. f3
e5 9. e4 exd4 10. Qxd4 Bc5 11. Qd2 Be6 12. Qf4 Qxf4 13. Bxf4 Nh5 14. Bc7 Bxc4
15. Bxc4 Rc8 16. Bg3 Nxg3 17. hxg3 Ne5 18. Be2 Rd8 19. Rh5 Bd4 20. O-O-O f6 21.
f4 Bxc3 22. bxc3 Rxd1+ 23. Kxd1 g6 24. Rh1 Nd7 25. a5 Nc5 26. Re1 Ke7 27. Bc4 b5
28. Be2 Nxe4 29. Bxb5 cxb5 30. Rxe4+ Kd6 31. Kc2 f5 32. Re5 a6 33. Kd3 Rc8 34.
g4 fxg4 35. g3 Rc4 36. Re8 Ra4 37. Rh8 Rxa5 38. Rxh7 Ke6 39. Rh8 Ra2 40. Re8+
Kf7 41. Ra8 Rg2 42. Ra7+ Kf6 43. Rxa6+ Kf5 44. Rb6 Rxg3+ 45. Kd4 Rg1 46. Ke3
Rg3+ 47. Kf2 Rxc3 48. Rxb5+ Kxf4 49. Rb4+ Kg5 50. Rb8 g3+ 51. Kg2 Kh4 52. Rb4+
Kh5 53. Ra4 g5 54. Rb4 Kg6 55. Rb5 Kh5 56. Rb4 1/2-1/2

[Event "Indonesia Open 2013"]
[Site "Jakarta INA"]
[Date "2013.10.14"]
[Round "7.48"]
[White "Mahmud, Syarif"]
[Black "Suradiradja, Herman"]
[Result "1-0"]
[WhiteTitle "FM"]
[BlackTitle "GM"]
[WhiteElo "2252"]
[BlackElo "2215"]
[WhiteFideId "7100108"]
[BlackFideId "7100167"]
[EventDate "2013.10.10"]

1. Nf3 c5 2. c4 Nf6 3. g3 Nc6 4. Bg2 g6 5. Nc3 Bg7 6. O-O d5 7. cxd5 Nxd5 8. Ng5
e6 9. Nge4 Qe7 10. d3 O-O 11. Bg5 f6 12. Bd2 Rd8 13. Qa4 Nd4 14. e3 Nc6 15. Rac1
Ndb4 16. Nxc5 Nxd3 17. Nxd3 Rxd3 18. Rfd1 f5 19. e4 Rd4 20. Qb3 Rb4 21. Qc2 Nd4
22. Qd3 Rxb2 23. Be3 Nc6 24. Nb5 Rxa2 25. Bc5 Qf6 26. e5 Qxe5 1-0

[Event "Indonesia Open 2013"]
[Site "Jakarta INA"]
[Date "2013.10.14"]
[Round "7.49"]
[White "Firdaus, Maksum"]
[Black "Bancod, Ronald"]
[Result "0-1"]
[WhiteTitle "FM"]
[BlackTitle "IM"]
[WhiteElo "2257"]
[BlackElo "2306"]
[WhiteFideId "7100833"]
[BlackFideId "5200938"]
[EventDate "2013.10.10"]

1. f4 c5 2. Nf3 Nc6 3. g3 g6 4. Bg2 Bg7 5. O-O Nf6 6. d3 O-O 7. a3 Rb8 8. Nc3 b5
9. e4 d6 10. h3 Nd7 11. Nd5 Nb6 12. c3 a5 13. Qe1 b4 14. axb4 axb4 15. g4 bxc3
16. Nxc3 Nb4 17. Qe2 Ba6 18. Rd1 Na8 19. Bf1 Nc7 20. f5 Nb5 21. Nxb5 Bxb5 22.
Bg5 Nc6 23. Be3 Ne5 24. Rd2 Bc6 25. Ne1 Rb4 26. Bg5 h6 27. Bh4 g5 28. Bf2 Qb6
29. Ra2 Rb8 30. h4 Bf6 31. Be3 Kg7 32. hxg5 hxg5 33. Rc2 Ba4 34. Rd2 Bb5 35. Qg2
Rh8 36. Be2 Rh4 37. Bf2 Rh8 38. Be3 Rb3 39. Qg3 Qb7 40. Qg2 Bc6 41. Rc2 Bxe4 42.
Qxe4 Qxe4 43. dxe4 Rxe3 44. Ra4 c4 45. Kf2 Rxe4 46. Ng2 Rh3 47. Bxc4 Nxg4+ 48.
Kg1 Bd4+ 49. Ne3 Rhxe3 50. Kg2 Be5 0-1

[Event "Indonesia Open 2013"]
[Site "Jakarta INA"]
[Date "2013.10.14"]
[Round "7.50"]
[White "Tamin, Upi Darmayana"]
[Black "Sutarno"]
[Result "1/2-1/2"]
[WhiteTitle "WIM"]
[WhiteElo "2151"]
[BlackElo "2251"]
[WhiteFideId "7100353"]
[BlackFideId "7101139"]
[EventDate "2013.10.10"]

1. e4 e5 2. Nf3 Nc6 3. d4 exd4 4. Nxd4 Nf6 5. Nc3 Bb4 6. Nxc6 bxc6 7. Bd3 O-O 8.
O-O h6 9. Bd2 Re8 10. Re1 d6 11. a3 Bc5 12. Be3 Bxe3 13. Rxe3 a5 14. h3 Ba6 15.
Rb1 Bxd3 16. Qxd3 Nd7 17. Qe2 Qf6 18. Qf3 Qxf3 19. Rxf3 Nf6 20. Re3 Rab8 21. b3
c5 22. Kf1 a4 23. Nxa4 Rxe4 24. Rxe4 Nxe4 25. Re1 Re8 26. g3 Kf8 27. Kg2 Kg8 28.
h4 Kf8 29. Re3 Re7 30. Kf1 1/2-1/2

[Event "Indonesia Open 2013"]
[Site "Jakarta INA"]
[Date "2013.10.14"]
[Round "7.51"]
[White "Azarya, Jodi Setyaki"]
[Black "Bachtiar, Ahmad Ina"]
[Result "0-1"]
[WhiteTitle "CM"]
[WhiteElo "2126"]
[BlackElo "2219"]
[WhiteFideId "7101589"]
[BlackFideId "7102682"]
[EventDate "2013.10.10"]

1. e4 c5 2. Nf3 d6 3. d4 cxd4 4. Nxd4 Nf6 5. Nc3 a6 6. Bg5 e6 7. f4 b5 8. Bd3
Bb7 9. Qe2 Be7 10. O-O-O Nbd7 11. Rhe1 b4 12. Nb1 O-O 13. Nd2 Nc5 14. Kb1 h6 15.
Bxf6 Bxf6 16. N2f3 Qb6 17. g4 Na4 18. e5 dxe5 19. fxe5 Be7 20. Be4 Bxe4 21. Qxe4
Rac8 22. Nb3 Rc7 23. g5 hxg5 24. Rg1 Rfc8 25. Nxg5 Bxg5 26. Rxg5 Rxc2 27. Qxc2
Rxc2 28. Kxc2 Qc6+ 29. Kb1 Qe4+ 30. Ka1 Qe2 31. Rb1 Qxh2 32. Rg4 Qxe5 33. Rxb4
Nxb2 34. Rxb2 Qe1+ 35. Nc1 Qxc1+ 36. Rb1 Qc3+ 37. R1b2 g5 38. Rb3 Qe1+ 39. Rb1
Qe5+ 40. R1b2 Kg7 41. a4 g4 42. Ka2 f5 43. Rb6 Qe4 44. R2b4 Qc2+ 45. Ka3 Kf6 46.
Rb2 Qc5+ 47. Ka2 g3 0-1

[Event "Indonesia Open 2013"]
[Site "Jakarta INA"]
[Date "2013.10.14"]
[Round "7.53"]
[White "Capitelli, Paolo"]
[Black "Hamdani, Rudin"]
[Result "0-1"]
[BlackTitle "FM"]
[WhiteElo "2089"]
[BlackElo "2339"]
[WhiteFideId "809330"]
[BlackFideId "7100213"]
[EventDate "2013.10.10"]

1. e4 g6 2. d4 Bg7 3. Nc3 d6 4. f4 Nd7 5. Nf3 c6 6. Be3 Ngf6 7. Qd2 b5 8. e5 b4
9. exf6 bxc3 10. Qxc3 Bxf6 11. Qxc6 Rb8 12. Qc3 O-O 13. Be2 Nb6 14. Qa3 Qc7 15.
c3 Be6 16. Qa5 Qc6 17. b3 Qe4 18. Bd2 Nd5 19. Qa6 Bf5 20. O-O Rb6 21. Qc4 Rc8
22. Bd3 Qxd3 23. Qxd5 Rb5 24. Ne1 Qxf1+ 0-1

[Event "Indonesia Open 2013"]
[Site "Jakarta INA"]
[Date "2013.10.14"]
[Round "7.54"]
[White "Brokko, Margit"]
[Black "Lim, Kian Hwa"]
[Result "1-0"]
[WhiteTitle "WFM"]
[WhiteElo "2073"]
[BlackElo "1902"]
[WhiteFideId "4501098"]
[BlackFideId "5700744"]
[EventDate "2013.10.10"]

1. e4 e5 2. Nf3 Nc6 3. Bc4 Be7 4. c3 d6 5. d4 Nf6 6. d5 Nb8 7. Bd3 O-O 8. h3
Nbd7 9. Be3 Re8 10. c4 Bf8 11. Nc3 a6 12. O-O h6 13. b4 b6 14. Ne2 g6 15. Ng3
Bg7 16. Rc1 a5 17. a3 axb4 18. axb4 Rf8 19. Qd2 Kh7 20. Ra1 Rxa1 21. Rxa1 Qe7
22. Ne2 Nxe4 23. Bxe4 f5 24. Bc2 Qf6 25. Ra7 f4 26. Rxc7 fxe3 27. Qxe3 Qd8 28.
Ra7 Nf6 29. Ng3 Bd7 30. Qd3 e4 31. Nxe4 Bf5 32. Nxf6+ Qxf6 33. Qd2 Bxh3 34. gxh3
Qxf3 35. Qe3 Qh5 36. Qe7 Rg8 37. Qxd6 Qg5+ 38. Kh2 Kh8 39. Qe7 Be5+ 40. Kh1 Qc1+
41. Kg2 Bg7 42. Qe4 Qd2 43. Qd3 Qxb4 44. d6 Qc5 45. Qxg6 Qg5+ 46. Qxg5 hxg5 47.
Rb7 Rf8 48. d7 Bd4 49. f3 Rd8 50. Bf5 Kg7 51. Kg3 Kf6 52. Kg4 Be3 53. Rc7 Ke7
54. Rc6 Kf7 55. Re6 Bc5 56. Kxg5 Be7+ 57. Kg4 Rxd7 58. Rxb6 Rd4+ 59. Kg3 Bd6+
60. Kg2 Rd2+ 61. Kf1 Bc5 62. Rc6 Be3 63. Be4 Rf2+ 64. Ke1 Rh2 65. Bf5 Rf2 66.
Bg4 Rc2 67. h4 Bd4 68. h5 Rh2 69. Rd6 Bf6 70. c5 Rh1+ 71. Ke2 Rh2+ 72. Kd3 Rh1
73. Kc4 Be7 74. Rd5 Ke8 75. Kb5 Rb1+ 76. Kc6 Rc1 77. Bf5 Kf8 78. h6 Rh1 79. h7
Kg7 80. Kd7 Bf8 81. c6 Re1 82. c7 Re7+ 83. Kc6 Kh8 84. c8=Q Rc7+ 85. Qxc7 1-0

[Event "Indonesia Open 2013"]
[Site "Jakarta INA"]
[Date "2013.10.15"]
[Round "8.2"]
[White "Ghaem Maghami, Ehsan"]
[Black "Moiseenko, Alexander"]
[Result "0-1"]
[WhiteTitle "GM"]
[BlackTitle "GM"]
[WhiteElo "2556"]
[BlackElo "2703"]
[WhiteFideId "12500739"]
[BlackFideId "14102560"]
[EventDate "2013.10.10"]

1. d4 Nf6 2. Nf3 e6 3. c4 d5 4. g3 Bb4+ 5. Bd2 Bd6 6. Nc3 O-O 7. Bg5 c6 8. Bg2
Nbd7 9. e4 dxe4 10. Nxe4 Bb4+ 11. Bd2 Bxd2+ 12. Nexd2 e5 13. dxe5 Re8 14. O-O
Nxe5 15. Nxe5 Rxe5 16. Nf3 Re8 17. Qxd8 Rxd8 18. Rfd1 Be6 19. b3 Kf8 20. Nd4 Bg4
21. f3 Bh5 22. Ne2 Bg6 23. Kf2 Nd7 24. Nf4 a5 25. Rd2 Nc5 26. Nxg6+ hxg6 27.
Rad1 Rxd2+ 28. Rxd2 g5 29. Bf1 Ke7 30. Ke3 Kf6 31. Bh3 Re8+ 32. Kd4 b6 33. Bg2
Re6 34. f4 gxf4 35. gxf4 Ke7 36. Bf3 f5 37. Rg2 Kf6 38. Re2 Rd6+ 39. Ke3 Rd3+
40. Kf2 Ne6 41. Bxc6 Nd4 42. Re5 Nxc6 43. Rb5 Nd4 44. Rxb6+ Ne6 45. a4 Ke7 46.
Rb7+ Kd6 47. Rb6+ Kd7 48. Rb5 g6 0-1

[Event "Indonesia Open 2013"]
[Site "Jakarta INA"]
[Date "2013.10.15"]
[Round "8.3"]
[White "Nguyen, Duc Hoa"]
[Black "Short, Nigel D"]
[Result "1/2-1/2"]
[WhiteTitle "IM"]
[BlackTitle "GM"]
[WhiteElo "2486"]
[BlackElo "2684"]
[WhiteFideId "12401358"]
[BlackFideId "400025"]
[EventDate "2013.10.10"]

1. d4 e6 2. c4 b6 3. Nf3 Bb7 4. e3 Nf6 5. Bd3 c5 6. O-O Be7 7. b3 d6 8. Bb2 Nbd7
9. Nc3 a6 10. Bc2 O-O 11. Re1 Re8 12. a4 cxd4 13. exd4 d5 14. Qd3 dxc4 15. bxc4
Rc8 16. Rad1 Bxf3 17. Qxf3 Rxc4 18. Bb3 Rb4 19. Na2 Rxb3 20. Qxb3 Nd5 21. Ba3
N7f6 22. Bxe7 Qxe7 23. Nc3 h6 24. g3 Rd8 25. Rc1 Qd7 26. Nxd5 Nxd5 27. Rc2 b5
28. axb5 axb5 29. Rc5 b4 30. Ra1 1/2-1/2

[Event "Indonesia Open 2013"]
[Site "Jakarta INA"]
[Date "2013.10.15"]
[Round "8.4"]
[White "Paehtz, Elisabeth"]
[Black "Ivanisevic, Ivan"]
[Result "1/2-1/2"]
[WhiteTitle "IM"]
[BlackTitle "GM"]
[WhiteElo "2440"]
[BlackElo "2632"]
[WhiteFideId "4641833"]
[BlackFideId "912417"]
[EventDate "2013.10.10"]

1. d4 Nf6 2. Nf3 c5 3. d5 b5 4. Bg5 Ne4 5. h4 Bb7 6. Qd3 Nxg5 7. hxg5 Qa5+ 8. c3
g6 9. e4 a6 10. Nbd2 Bg7 11. a4 c4 12. Qe3 d6 13. Nd4 Qb6 14. Be2 Nd7 15. Rh4
Nc5 16. a5 Qc7 17. Qh3 Bc8 18. Qe3 Bd7 19. f3 e5 20. dxe6 Nxe6 21. Nxe6 Bxe6 22.
f4 O-O-O 23. Bf3 Kb8 24. Kf2 h6 25. gxh6 Rxh6 26. Rxh6 Bxh6 27. g3 Bg7 28. Bg2
Bc8 29. Rh1 Rh8 30. Rxh8 Bxh8 31. Nf3 Bb7 32. e5 dxe5 33. Nxe5 Bxe5 34. fxe5
Bxg2 35. Kxg2 Qxa5 36. e6 fxe6 37. Qxe6 Qd8 38. Qxa6 Qd5+ 39. Kh3 Qf5+ 40. Kg2
Qd5+ 41. Kh2 Kc7 42. Qa5+ Kd6 43. Qb6+ Ke5 44. Qe3+ Kf6 45. Qf4+ Ke7 46. Qc7+
Kf6 47. Qf4+ Ke6 48. Qe3+ Qe5 49. Qf3 Qf5 50. Qe3+ Kd5 51. Qd4+ Kc6 52. Qd2 Qd3
53. Qf2 b4 54. cxb4 Kb5 55. Qc5+ Ka4 56. b5 Kb3 57. Qa3+ Kc2 58. Qc3+ Kb1 59. b6
Qe2+ 60. Kg1 Qd1+ 61. Kf2 Qd5 62. Qb4 Qd4+ 63. Kg2 Qe4+ 64. Kf2 Qd4+ 65. Kf3
Qd3+ 1/2-1/2

[Event "Indonesia Open 2013"]
[Site "Jakarta INA"]
[Date "2013.10.15"]
[Round "8.6"]
[White "Dao, Thien Hai"]
[Black "Sokolov, Ivan"]
[Result "1-0"]
[WhiteTitle "GM"]
[BlackTitle "GM"]
[WhiteElo "2500"]
[BlackElo "2636"]
[WhiteFideId "12400084"]
[BlackFideId "14400030"]
[EventDate "2013.10.10"]

1. d4 d5 2. c4 e6 3. Nf3 a6 4. cxd5 exd5 5. Nc3 c6 6. Qc2 Bd6 7. Bg5 Ne7 8. e3
Bg4 9. Bd3 Nd7 10. Bh4 Bxf3 11. gxf3 Nf8 12. f4 Qd7 13. f5 g6 14. Bf6 Rg8 15.
fxg6 hxg6 16. O-O-O Qe6 17. Bh4 O-O-O 18. e4 Bf4+ 19. Kb1 dxe4 20. Nxe4 g5 21.
Nc5 Qd6 22. Qb3 Qc7 23. Bg3 Nd7 24. Nxa6 Qb6 25. Qa3 Nd5 26. Nc5 Kc7 27. Bc4
N7f6 28. Qf3 Qb4 29. Bb3 Kb6 30. Rd3 g4 31. Qd1 Bxg3 32. Bxd5 Bxf2 33. Rb3 Nxd5
34. a3 Qb5 35. a4 Ne3 36. Rxb5+ cxb5 37. Qe2 1-0

[Event "Indonesia Open 2013"]
[Site "Jakarta INA"]
[Date "2013.10.15"]
[Round "8.7"]
[White "Gundavaa, Bayarsaikhan"]
[Black "Nguyen, Ngoc Truong Son"]
[Result "0-1"]
[WhiteTitle "GM"]
[BlackTitle "GM"]
[WhiteElo "2500"]
[BlackElo "2629"]
[WhiteFideId "4901045"]
[BlackFideId "12401110"]
[EventDate "2013.10.10"]

1. d4 Nf6 2. c4 e6 3. Nc3 d5 4. cxd5 exd5 5. Bg5 c6 6. Qc2 Be6 7. e3 Nbd7 8. Bd3
Bd6 9. Nge2 h6 10. Bf4 Qe7 11. O-O O-O 12. Rab1 a6 13. Na4 Bxf4 14. Nxf4 b5 15.
Nc5 Nxc5 16. Qxc5 Qxc5 17. dxc5 Nd7 18. Rbc1 Ne5 19. Rfd1 g5 20. Ne2 f5 21. Nd4
Bd7 22. f4 Ng4 23. Re1 Rae8 24. Nc2 Re7 25. h3 Nf6 26. Nd4 Nh5 27. Kh2 gxf4 28.
exf4 Rxe1 29. Rxe1 Nxf4 30. Bc2 Rf6 31. Re7 Ne6 32. Nxe6 Bxe6 33. Rc7 Bf7 34.
Ra7 d4 35. Rxa6 Bd5 36. Bb3 Bxb3 37. axb3 Kf7 38. Kg3 Re6 39. Kf2 Kf6 40. Ra8
Re3 41. Rh8 Rxb3 42. Rxh6+ Ke5 43. Rxc6 Rxb2+ 44. Kf3 Rb3+ 45. Kf2 Ke4 46. h4
Rb2+ 47. Kf1 Rb1+ 48. Kf2 Rh1 49. Rb6 d3 50. Re6+ Kd5 51. Rd6+ Kxc5 52. Rxd3
Rxh4 53. Rf3 f4 54. Ke2 Rg4 55. Kd1 b4 56. Kc1 Kd4 57. Kd1 Kc4 58. Kc1 Rxg2 59.
Rxf4+ Kb3 60. Rf1 Ka2 61. Rf8 Rg1+ 62. Kd2 b3 63. Ra8+ Kb2 64. Ra7 Rg8 0-1

[Event "Indonesia Open 2013"]
[Site "Jakarta INA"]
[Date "2013.10.15"]
[Round "8.8"]
[White "Vazquez Igarza, Renier"]
[Black "Khamrakulov, Djurabek"]
[Result "1-0"]
[WhiteTitle "GM"]
[BlackTitle "IM"]
[WhiteElo "2602"]
[BlackElo "2442"]
[WhiteFideId "3503054"]
[BlackFideId "14201143"]
[EventDate "2013.10.10"]

1. Nf3 f5 2. d3 Nc6 3. d4 e6 4. c4 d6 5. Bf4 Nf6 6. Nc3 g6 7. g3 Bg7 8. Bg2 O-O
9. d5 Na5 10. Nd2 Nh5 11. Be3 c5 12. dxc6 bxc6 13. Qc2 f4 14. gxf4 Nxf4 15. Bf3
d5 16. Bc5 Rf5 17. O-O-O d4 18. Na4 Ba6 19. Nb3 Nxe2+ 20. Bxe2 Nxb3+ 21. axb3
Rxc5 22. Nxc5 Qg5+ 23. f4 Qxc5 24. Qe4 Bc8 25. Bg4 a5 26. Bxe6+ Bxe6 27. Qxe6+
Kh8 28. Rhe1 a4 29. Qf7 a3 30. Re8+ Rxe8 31. Qxe8+ Bf8 32. Qe5+ 1-0

[Event "Indonesia Open 2013"]
[Site "Jakarta INA"]
[Date "2013.10.15"]
[Round "8.9"]
[White "Barbosa, Oliver"]
[Black "Nguyen, Van Huy"]
[Result "1/2-1/2"]
[WhiteTitle "GM"]
[BlackTitle "IM"]
[WhiteElo "2567"]
[BlackElo "2422"]
[WhiteFideId "5201640"]
[BlackFideId "12401064"]
[EventDate "2013.10.10"]

1. d4 Nf6 2. c4 e6 3. Nf3 d5 4. Nc3 Bb4 5. Qa4+ Nc6 6. e3 O-O 7. Bd2 Re8 8. a3
Bf8 9. Qc2 a6 10. Rc1 h6 11. Be2 dxc4 12. Bxc4 e5 13. d5 Ne7 14. Nxe5 Nexd5 15.
Nxd5 Nxd5 16. Nf3 b5 17. Ba2 c5 18. O-O Bb7 19. Rcd1 Qf6 20. e4 Nf4 21. Bxf4
Qxf4 22. Rd7 Bxe4 23. Qd2 Qxd2 24. Bxf7+ Kh8 25. Nxd2 Bf5 26. Bxe8 Bxd7 27. Bxd7
Rd8 28. Bxb5 axb5 29. Ne4 Rd3 30. Rc1 g6 31. Kf1 Rb3 32. Rc2 Bg7 33. a4 bxa4 34.
Nxc5 Rxb2 35. Rxb2 Bxb2 36. Nxa4 Bd4 37. Ke2 Kg7 38. f4 Kf6 39. Kf3 g5 40. Ke4
Bg1 41. h3 gxf4 42. Kxf4 h5 43. Nc3 Bh2+ 44. Ke4 Kg5 45. Ne2 Bc7 46. Nd4 Bb8 47.
Ne6+ Kf6 48. Nd4 Kg5 49. Kf3 Be5 50. Ne2 Bb8 51. g3 Bc7 52. Nf4 Bb8 53. h4+ Kh6
54. Ke4 Ba7 55. Nd3 Kg6 56. Ne5+ Kf6 57. Nd3 Kg6 58. Nf4+ Kh6 59. Kf5 Bf2 60.
Ne2 Be1 61. Kf6 Bf2 62. Kf7 Kh7 63. Ke6 Kg6 64. Ke5 Be1 65. Ke4 Bf2 66. Kf4 Ba7
67. Kf3 Bb8 68. Ke4 Ba7 69. Nf4+ Kh6 70. Ne6 Kg6 71. Nf4+ Kh6 1/2-1/2

[Event "Indonesia Open 2013"]
[Site "Jakarta INA"]
[Date "2013.10.15"]
[Round "8.10"]
[White "Salem, A.R. Saleh"]
[Black "Hoang, Thanh Trang"]
[Result "1/2-1/2"]
[WhiteTitle "GM"]
[BlackTitle "GM"]
[WhiteElo "2567"]
[BlackElo "2495"]
[WhiteFideId "9301348"]
[BlackFideId "12400149"]
[EventDate "2013.10.10"]

1. e4 e6 2. d4 d5 3. Nc3 Nf6 4. e5 Nfd7 5. f4 c5 6. Nf3 Nc6 7. Be3 cxd4 8. Nxd4
Qb6 9. a3 Bc5 10. Na4 Qa5+ 11. c3 Bxd4 12. Bxd4 Nxd4 13. Qxd4 b6 14. Qb4 Qxb4
15. axb4 Ke7 16. Bb5 Bb7 17. Kd2 Rhc8 18. b3 Bc6 19. Ba6 Rc7 20. Rhe1 Nb8 21.
Bd3 Nd7 22. Nb2 a5 23. bxa5 bxa5 24. Ra3 Nc5 25. Bc2 Rb8 26. Rea1 Bd7 27. Nd1 f6
28. Rb1 fxe5 29. fxe5 Rcb7 30. Rxa5 Nxb3+ 31. Rxb3 Rxb3 32. Bxb3 Rxb3 33. Ra7
Rb8 34. g3 Rf8 35. Ke3 Rf1 36. Nf2 Re1+ 37. Kd2 Rxe5 38. Nd3 Rf5 39. Nc5 Kd6 40.
Nxd7 Rf7 41. Nb6 Rxa7 42. Nc8+ Kc7 43. Nxa7 Kb6 44. Nc8+ Kc7 45. Na7 Kb6 46. Ke3
Kxa7 47. Kd4 Kb6 48. Ke5 h5 49. h3 Kc5 50. g4 hxg4 51. hxg4 g5 52. Kxe6 Kc4 53.
Ke5 Kc5 54. Kf5 Kc4 55. Ke6 Kc5 56. Ke5 Kc4 1/2-1/2

[Event "Indonesia Open 2013"]
[Site "Jakarta INA"]
[Date "2013.10.15"]
[Round "8.11"]
[White "Malakhatko, Vadim"]
[Black "Shyam, Sundar M."]
[Result "1/2-1/2"]
[WhiteTitle "GM"]
[BlackTitle "GM"]
[WhiteElo "2519"]
[BlackElo "2536"]
[WhiteFideId "14104202"]
[BlackFideId "5019141"]
[EventDate "2013.10.10"]

1. c4 e5 2. Nc3 Nf6 3. e3 Nc6 4. a3 d5 5. cxd5 Nxd5 6. Qc2 Nxc3 7. bxc3 Bd6 8.
Nf3 O-O 9. Be2 Re8 10. e4 Bg4 11. d3 Na5 12. O-O c5 13. Rb1 Qc7 14. Nh4 Bxe2 15.
Qxe2 c4 16. Nf5 cxd3 17. Qxd3 Bc5 18. Qg3 f6 19. h4 Nc4 20. h5 Bf8 21. a4 Rad8
22. Be3 b6 23. Rfd1 Kh8 24. Qh4 Qc6 25. Kh2 Rxd1 26. Rxd1 Qxa4 27. Rd3 Nxe3 28.
Nxe3 Qc6 29. h6 g5 30. Qh5 Qe6 31. Nd5 Rc8 32. Rf3 Be7 33. c4 Kg8 34. c5 bxc5
35. Ra3 Qd7 36. Ra6 Rf8 37. Qe2 Kh8 38. Qa2 Bd8 39. Rxa7 Qg4 40. Qc4 Qh5+ 41.
Kg1 Qd1+ 42. Kh2 Qh5+ 1/2-1/2